000 00850nam a2200253 i 4500
001 bg
100 1 _aZAWADZKA-KAHLAU, Elżbieta
245 1 0 _aTendencje rozwojowe polskich brzegów Bałtyku południowego /
_cElżbieta Zawadzka-Kahlau.
260 _aGdańsk :
_bGdańskie Towarzystwo Naukowe,
_c1999.
300 _a147 s., [16] s. tabl. kolor. :
_bil., mapy ;
_c24 cm.
500 _aStreszcz. ang.
504 _aBibliogr.
650 9 _aBrzegi morskie
_zPolska
_y19-20 w.
650 9 _aKartografia
_xzagadnienia
651 9 _aBałtyk (wybrzeże)
_xgeografia fizyczna
_zPolska
_y19-20 w.
651 9 _aBałtyk (wybrzeże)
_xgeologia
_zPolska
020 _a8387359327
040 _cBPK
041 0 _apl
_ben
080 _a551.43:551.468](438:261.24):528.9
920 _a83-87359-32-7
942 _cKS
008 s pl f |000 0 pol
999 _c37213
_d37213
856 _uhttp://koha.tu.koszalin.pl/cgi-bin/koha/opac-detail.pl?biblionumber=37213
_yKatalog online BPK